[Event "Madrid-ch sf-A"]
[Site "Madrid"]
[Date "2016.03.15"]
[Round "5"]
[White "Pashov, Spas Nikolov"]
[Black "Rosa Ramirez, Victor Diego"]
[Result "1-0"]
[WhiteElo "1834"]
[BlackElo "1971"]
[PlyCount "105"]
[EventDate "2016.03.07"]
[EventType "swiss"]
[EventRounds "9"]
[EventCountry "ESP"]
[SourceTitle "EXT 2017"]
[Source "ChessBase"]
[SourceDate "2016.10.25"]
[SourceVersion "1"]
[SourceVersionDate "2016.10.25"]
[SourceQuality "1"]

1. e4 e6 2. d4 d5 3. Nd2 Nf6 4. e5 Nfd7 5. Bd3 c5 6. c3 Nc6 7. Ne2 cxd4 8. cxd4 f6 9. exf6 Nxf6 10. 0-0 Bd6 11. Nf3 0-0 12. a3 Bd7 13. Bg5 h6 14. Bh4 Qb6 15. Nc3 a6 16. b4 Rae8 17. Re1 Na7 18. Bg3 Bxg3 19. hxg3 Ng4 20. Re2 Rc8 21. Qd2 Qc7 22. Rc1 Rf6 23. Nh2 Nxh2 24. Kxh2 Nb5 25. Bxb5 Bxb5 26. Re3 Bc4 27. Rce1 Qf7 28. f3 b5 29. Re5 Re8 30. Qe3 g5 31. Nd1 Qg6 32. Nf2 Rf7 33. Rxe6 Rxe6 34. Qxe6 Qxe6 35. Rxe6 h5 36. Rg6+ Rg7 37. Rxa6 g4 38. a4 bxa4 39. Rxa4 Rb7 40. fxg4 hxg4 41. Nxg4 Bb3 42. Ra8+ Kg7 43. Ne5 Rxb4 44. Nf3 Bd1 45. g4 Bxf3 46. gxf3 Rxd4 47. Ra6 Rd1 48. Kg3 Kf7 49. Kf4 Re1 50. Rd6 Rd1 51. Ke5 Rf1 52. f4 Rg1 53. g5 1-0